000 02579cas a2200529 a 4500
001 11468012
005 20110513132515.0
008 870114c19729999enkar w 0 0eng c
010 _a 96644948
_zsn 87018103
012 _a-3-7-1003295131-p-----
022 _a0264-1119
_l0264-1119
035 _a(OCoLC)ocm15069909
037 _bIncorporated Council of Law Reporting for England and Wales, 3 Stone Buildings, Lincoln's Inn, London WC2A 3XN (England)
040 _aMH
_cMH
_dNST
_dDLC
_dMH
_dOCoLC
_dNLGGC
_dOCoLC
_dMH-L
042 _apcc
043 _ae-uk---
050 0 0 _aKD279.4
_b.L39
210 0 _aLaw rep., Fam. Div.
222 0 _aLaw reports. Family Division
245 0 4 _aThe Law reports.
_pFamily Division, and on appeal therefrom in the Court of Appeal, and decisions in the ecclesiastical courts.
246 3 0 _aFamily Division, and on appeal therefrom in the Court of Appeal, and decisions in the ecclesiastical courts
246 1 _iVols. for 2001- have title:
_aLaw reports.
_pFamily Division
260 _aLondon :
_bIncorporated Council of Law Reporting for England and Wales,
_c[1972-
300 _av. ;
_c26 cm.
310 _aAnnual
362 0 _a1972-
500 _aLatest issue consulted: 2001.
580 _aEach vol. consists of a separately issued t.p. and table of contents, followed by pages in the "Fam." sequence from the corresponding issues of: Law reports. Chancery Division, Family Division.
590 _aSERBIB/SERLOC merged record
650 0 _aLaw reports, digests, etc.
_zGreat Britain.
650 0 _aDomestic relations
_zGreat Britain
_vCases.
710 1 _aGreat Britain.
_bHigh Court of Justice.
_bFamily Division.
710 1 _aGreat Britain.
_bCourt of Appeal.
710 2 _aIncorporated Council of Law Reporting for England and Wales.
780 0 0 _tLaw reports. Probate, Divorce, and Admiralty Division, and on appeal therefrom in the Court of Appeal, and decisions in the ecclesiastical courts
_w(DLC) 96644947
_w(OCoLC)1681176
787 1 _tLaw reports. Chancery Division, Family Division
_x0265-1211
_w(DLC)sn 87018101
_w(OCoLC)1643930
890 _aLaw reports. Family Division, and on appeal therefrom in the Court of Appeal, and decisions in the ecclesiastical courts.
_i96-644948
906 _a7
_bcbc
_cserials
_du
_encip
_f19
_gn-oclcserc
920 _aKeep 2
923 _aexchange
_sBritish Library
991 _bc-LL
_hKD279.4
_i.L39
_wSERIALS
992 _bB/L
_wSERLOC
999 _c1917
_d1917